[Event "EU-ch 2nd"]
[Site "Ohrid"]
[Date "2001.06.14"]
[Round "13"]
[White "Lautier, Joel"]
[Black "Moiseenko, Alexander"]
[Result "1-0"]
[WhiteElo "2658"]
[BlackElo "2561"]
[Annotator "Lautier,J"]
[PlyCount "119"]
[EventDate "2001.06.01"]
[EventType "swiss"]
[EventRounds "13"]
[EventCountry "YUG"]
[SourceTitle "CBM 084"]
[Source "ChessBase"]
[SourceDate "2001.09.13"]
[SourceVersion "1"]
[SourceVersionDate "2001.09.13"]
[SourceQuality "1"]

1. c4 c5 2. Nf3 Nc6 3. d4 cxd4 4. Nxd4 e6 5. Nb5 d6 6. e4 Nf6 7. N1c3 a6 8. Na3
Be7 9. Be2 O-O 10. O-O b6 11. Be3 Bb7 12. Qb3 Nd7 13. Rfd1 Rb8 $6 (13... Nc5
$142) 14. Rd2 $1 $14 {/\ Qd1, Rc1} Qc7 15. Rc1 Nc5 16. Qd1 Ne5 $6 (16... Rbc8
17. Nab1 $14 (17. f4 $6 Nb4 18. Bf3 f5 19. exf5 Bxf3 20. Qxf3 Rxf5 $13) (17. f3
$5)) 17. f3 {/\ b4, f4, e5} (17. f4 $2 Ng6 $1 (17... Ned7 18. Bf3 (18. e5 $2
dxe5 19. b4 Qc6 (19... exf4 20. Bf2 (20. bxc5 fxe3 21. Rxd7 Qc6 22. Rxb7 (22.
Bf3 Qxc5 $19)) 20... Ne5 21. bxc5 Bxc5 22. Nc2 Bxf2+ 23. Kxf2 Nxc4 24. Bxc4
Qxc4 $15) 20. Bf1 (20. Bf3 e4 21. Be2 Nd3 $17) 20... exf4 21. Bf2 (21. Bxf4
Rbd8 $17) 21... f3 $1 (21... Ne5 $2 22. bxc5 Bxc5 23. Nc2 Nxc4 24. Nd4 Bxd4 25.
Rxd4 $16) 22. Be3 (22. g3 Ne5 23. bxc5 Bxc5 $19 {/\ Ng4}) 22... Ne5 (22... Ne4
$6 23. Rxd7 Nxc3 24. Rxc3 fxg2 25. Be2 Bxb4 26. Rb3 Bc5 27. Bxc5 Qxc5+ 28. Qd4
$13) 23. bxc5 Ng4 24. Nc2 Nxe3 25. Nxe3 Bxc5 26. Qe1 f5 27. Kh1 f4 $19) 18...
Nf6 19. Qc2 Rbc8 $13) 18. Qc2 (18. Bf3 Nh4 $15) 18... Qc6 (18... Bf6 19. Nab1)
19. Bf3 Nh4 $15) 17... Ng6 (17... Rfd8 $6 18. b4 Ncd7 19. f4 Ng6 20. Nd5 exd5
21. cxd5 Nc5 22. bxc5 bxc5 23. Nc4 $16) (17... Rbc8 $6 18. b4 Ncd7 19. f4 Ng6
20. e5 d5 21. Qb3 $1 (21. cxd5 Bxb4 22. d6 Qd8 23. Nab1 Bc5 24. Bxc5 Rxc5 25.
Bf3 Bxf3 26. Qxf3 f6 $132) 21... dxc4 (21... Nh4 22. cxd5 Bxd5 23. Rxd5 (23.
Nxd5 Qxc1+ 24. Rd1 Qxd1+ 25. Qxd1 exd5 26. Qxd5 Bxb4 27. Nc4 $14) 23... exd5
24. Nxd5 Qxc1+ 25. Bxc1 Rxc1+ 26. Kf2 Bd8 27. Bxa6 $16) 22. Nxc4 Nh4 23. Bf1
$14) (17... g5 18. Nab1 (18. Nc2 Ncd7 (18... Rbc8 19. Bf2 $14) 19. Bd4 Rbc8 (
19... Nxc4 $2 20. Bxc4 Qxc4 21. Ne3 $16) 20. b3 $14 {/\ Na4, Ne3} (20. Ne3 Nc6
21. Ncd5 exd5 22. cxd5 Nxd4 23. Rxc7 Nxe2+ 24. Rxe2 Rxc7 25. Nf5 Re8 $17))
18... Rbc8 19. b3 $14) 18. Kh1 $1 {/\ Qg1} Rfe8 (18... Rbc8 $142) 19. Nc2 Bf8
20. Qg1 Ba8 21. Nd4 $1 {/\ b4, Nb3} Rbc8 (21... Nd7 $142 22. b4 Nge5 23. Na4 (
23. f4 Nxc4 24. Ncb5 axb5 25. Nxb5 Qc6 26. Bxc4 Qxe4 27. Nxd6 (27. Rd4 Qb7 28.
Nxd6 Bxd6 29. Rxd6 Rbc8 30. Bb5 Rxc1 31. Bxc1 Rc8 32. Be3 Nf6 $132) 27... Bxd6
28. Rxd6 Nf6 $11) 23... Rec8 24. Rdd1 $14 (24. Nb3 Bc6 25. Nb2 (25. b5 Ba8 26.
bxa6 Qa7 $11) 25... a5 26. a3 axb4 27. axb4 Ra8 $132)) 22. b4 Nd7 23. Nb3 $36 {
/\ Na4, c4-c5} Qb8 24. Rdd1 (24. c5 bxc5 25. bxc5 Nxc5 26. Nxc5 dxc5 27. Bxa6
Rcd8 28. Rdc2 $14) 24... h6 25. Qf2 (25. c5 bxc5 26. bxc5 Nxc5 (26... Bb7 27.
cxd6 Bxd6 $2 28. Ba7 $18) (26... Rcd8 $6 27. cxd6 Bxd6 28. Bxa6 $16) 27. Nxc5
dxc5 28. Bxa6 Rcd8 (28... Rc7 29. Rb1 Bb7 30. a4 $14 (30. Bxb7 Rxb7 31. Rxb7
Qxb7 32. Bxc5 Qb2 $11)) 29. Bxc5 Qb2 30. Bb5 Rxd1 (30... Bxc5 31. Qxc5 Nf4 32.
Bf1 Rc8 33. Qb5 $16) 31. Qxd1 Rd8 32. Qxd8 Qxc1+ 33. Bg1 Qxc3 34. Qxa8 Nh4 $132
) 25... Rc7 26. Na4 Rc6 (26... b5 27. cxb5 Rxc1 (27... axb5 28. Rxc7 Qxc7 29.
Rc1 (29. Bxb5 Rb8) 29... Qb8 {->> 27...Rc1}) 28. Rxc1 axb5 29. Ba7 Qb7 30. Na5
Qa6 31. Nc3 $16) 27. c5 $1 bxc5 (27... b5 28. Nc3 Nf6 29. Na5 Rc7 (29... Rcc8
30. cxd6 Bxd6 31. Ba7 Qc7 32. Nxb5 Qxc1 33. Nxd6 $16) 30. cxd6 Rd7 31. Nb3 (31.
a4 $5 Bxd6 32. axb5 Bxh2 33. Rxd7 Nxd7 34. Nc6 (34. bxa6 $2 Bg3 $40 {/\ Qd8})
34... Qg3 (34... Qc7 35. e5 $1 Bxe5 (35... Ndxe5 $2 36. Bb6 $18) (35... Ngxe5
$2 36. Qh4 $18) 36. Nxe5 Qxe5 37. bxa6 Rc8 38. Nd1 $16) 35. Qxg3 Bxg3 36. Na5
$36) 31... Rxd6 32. Nc5 Rxd1+ 33. Rxd1 Bxc5 34. Bxc5 $16) 28. bxc5 Nxc5 29.
Naxc5 dxc5 30. Nxc5 Bxc5 31. Rxc5 $16 {^^, >< Ba8} Rec8 32. Rxc6 Rxc6 33. Bf1
Bb7 34. Qd2 Kh7 35. Qa5 Rd6 36. Rc1 Rd7 37. Kg1 (37. Bxa6 $6 Bxa6 (37... Qa8
38. Qb5 Re7 39. Bxb7 Rxb7 40. Qc6 $16) 38. Qxa6 Qb2 $132) 37... Qd6 38. Qc5 Qb8
39. a4 Qd8 40. Qb6 Qe7 41. Qc5 Qf6 42. Rb1 Ne5 43. Be2 $1 {/\ Rd1} g5 44. Rd1
Rxd1+ 45. Bxd1 Qd8 46. Be2 Nd3 47. Qc2 Nf4 48. Bf1 Qd7 49. a5 e5 50. Qb2 f6 51.
Qb6 Ne6 52. h3 Kg6 53. Bxa6 $18 Bxa6 54. Qxa6 Qd1+ 55. Kh2 Nd4 56. Qc4 Kg7 57.
a6 Qa1 (57... Ne2 58. Qd5 (58. a7 $4 Qe1 $11) 58... Qe1 59. Qd2 Qg3+ 60. Kh1
$18) 58. Qc7+ Kg6 59. Qb8 Qe1 60. Bxd4 1-0

[Event "EU-ch 12th"]
[Site "Aix les Bains"]
[Date "2011.03.31"]
[Round "9"]
[White "Palac, Mladen"]
[Black "Rublevsky, Sergei"]
[Result "0-1"]
[WhiteElo "2586"]
[BlackElo "2678"]
[Annotator "Marchand,A/Primel,D"]
[PlyCount "58"]
[EventDate "2011.03.22"]
[EventType "swiss"]
[EventRounds "11"]
[EventCountry "FRA"]
[SourceTitle "CBM 142 Extra"]
[Source "ChessBase"]
[SourceDate "2011.06.27"]
[SourceVersion "1"]
[SourceVersionDate "2011.06.27"]
[SourceQuality "1"]
[TimeControl "40/5400+30:1800+30"]

1. e4 c5 2. Nf3 e6 3. d4 cxd4 4. Nxd4 Nc6 5. Nb5 d6 6. c4 Nf6 7. N1c3 a6 8. Nd4
{Rarement joué et les Noirs ont moins de problèmes pour jouer les coups
thématiques d6d5 et b7b5} (8. Na3 $142 {La grande ligne} Be7 9. Be2 b6 (9...
O-O 10. O-O b6 (10... Bd7 11. Be3 Qa5 12. Qe1 Rfe8 {Karpov,A (2630)-Kuzmin,G 
(2520) URS-chT Moscow 1972 1/2} (12... Rab8 13. f3 Rfd8 14. Rc1 Be8 15. Qf2 Nd7
{Kholmov,R-Taimanov,M URS-ch37 Moscow 1969 (21) 0-1} (15... b5 16. cxb5 axb5
17. Naxb5 d5 $1 $44 {Suetin "Soviet chess Strategy"})))) 10. O-O Bb7 11. Be3
Nb8 {[%cal Gb8d7]} 12. f3 Nbd7 13. Rc1 (13. Qd2 $142) 13... O-O 14. Qd2 Qc7 15.
Rfd1 (15. Nab1 $6 {Trop lent et j'avais égalisé rapidement avant de rater le
gain en zeitnot} Rac8 16. b4 Qb8 17. a3 Bd8 18. Kh1 Bc7 $11 {Peter,S (2267)
-Primel,D (2127) FRA-chT2 0405 2004 (6) 1/2})) 8... Bd7 {[%cal Gc6e5,Gb7b5] Un
peu passif mais le russe a un style trés solide} (8... Be7 9. Be2 O-O (9... Bd7
) 10. O-O Nb8 11. Be3 b6 {Une position plus active pour le B qu'en d7} 12. f4
Bb7 {[%csl Gb7];Torre,E (2515)-Polugaevsky,L (2645) Manila 1975 (8) 1-0}) 9.
Nc2 $6 {Par rapport а la grande ligne, le N est déjà en c2 au lieu d'être
excentré en a3 mais le Na3 permettait de surcontrôler la case de rupture b5
alors que le Nc2 est trés passif} (9. Be2 $142 Be7 (9... Rc8) 10. O-O Nxd4 (
10... O-O 11. Be3 Rc8 12. Rc1 Qc7 13. f4 Qb8) 11. Qxd4 Bc6 12. Be3 O-O 13. Rfd1
Qb8 14. a4 {[%csl Gb5]} a5 {[%csl Rb4]} 15. Bg5 Re8 16. Bf3 h6 17. Bh4 Rd8 18.
Rac1 Qa7 $1 $11 19. Qxa7 Rxa7 20. Bg3 Raa8 {1/2-1/2 Kuzmin,G (2600)-Tal,M 
(2635)/Leningrad 1974}) 9... Be7 10. Be2 O-O (10... Rc8 11. O-O Ne5 $132 {
[%csl Rc4];Giusti,P (2305)-Milos,G (2586) Araraqua tt 1999 (1) 0-1}) 11. Bf4
$146 (11. O-O Qc7 {Munoz Pantoja,M (2482)-Djuric,S (2445) Sitges op 37th 2011 
(7) 1-0}) 11... Ne5 $1 {[%csl Rc2][%cal Ge5c4,Gd7b5,Gb7b5] Tentant d'exploiter
le fait que les Blancs ont joué Nc2} 12. O-O (12. Bxe5 $6 dxe5 $15 {[%csl Rc2,
Gd4,Gf4]}) 12... Rc8 $11 13. Ne3 b5 $1 {Un Na3 joué dans la grande ligne
permettait non seulement de défendre la faiblesse "c4" mais aussi de
surcontrôler b5 et la variante 8.Nb5d4 ne semble pas poser trop de problèmes
aux Noirs pour égaliser} 14. cxb5 axb5 $132 {[%csl Re4]} 15. a3 Qb6 16. Qb3 Qb7
{[%csl Re4]} 17. Bg5 {[%cal Gg5e7]} Bc6 {[%csl Re4]} 18. Rfd1 (18. f3 d5 $1 (
18... Qb6 {[%csl Re3]}) 19. exd5 Nxd5 20. Bxe7 Nxe7 {[%csl Rf3]}) 18... Nxe4 $1
{L'étau de Marcozy a fait long feu et les Noirs prennent l'initiative} 19. Nxe4
Bxe4 20. Bxe7 Qxe7 21. Qb4 f5 $1 $15 {[%csl Gd6]} (21... Nc4) 22. Qxd6 Qf6 23.
f4 Ng6 24. Bxb5 Qxb2 (24... Rfd8) 25. Bc4 (25. Bd7 $142 $1 $13 {[%cal Gd7c8,
Gd7e6]}) 25... Rc6 (25... Nxf4 {[%cal Gf4e6]} 26. Rac1 (26. g3 Nh3+)) 26. Qb4
Qf6 27. Rf1 $2 (27. g3) 27... Nxf4 28. Bb5 Rb6 29. a4 Qg5 0-1

[Event "Hastings 9798"]
[Site "Hastings"]
[Date "1997.12.31"]
[Round "3"]
[White "McShane, Luke J"]
[Black "Plaskett, H James"]
[Result "1-0"]
[WhiteElo "2455"]
[BlackElo "2450"]
[Annotator "McShane,L"]
[PlyCount "45"]
[EventDate "1997.12.29"]
[EventType "tourn"]
[EventRounds "9"]
[EventCountry "ENG"]
[EventCategory "13"]
[SourceTitle "CBM 063"]
[Source "ChessBase"]
[SourceDate "1998.03.26"]
[SourceVersion "1"]
[SourceVersionDate "1998.03.26"]
[SourceQuality "1"]

1. e4 {Rodriguez,Am} c5 2. Nf3 e6 3. d4 cxd4 4. Nxd4 Nc6 5. Nb5 d6 6. Bf4 e5 7.
Be3 Be6 {Rodriguez: A flexible move order in a position where only other three
continuations are quite playable.} (7... Be7 {Rodriguez,Am}) (7... a6 {
Rodriguez,Am} 8. N5c3 Nf6 {is probably the most reliable now since:} 9. Bc4 Be6
10. Nd5 Nxe4 $3 {seems to work well for equality.}) (7... Nf6 {Rodriguez,Am} 8.
Bg5 Be6 {has been the main line for years but:} 9. Bxf6 gxf6 10. Nd2 $1 {
looks promising for White these days.}) 8. Nd2 Nf6 (8... a6 {Rodriguez,Am} 9.
Nc3 Nf6 10. Nc4 {is an important line too} b5 (10... Rb8 $5 11. Bb6 Qd7 12. Qd2
Nb4 $1 $11 {Amador Rodríguez-Zapata, Mexico 1993}) 11. Nb6 Rb8 12. Nbd5 Be7 {
used to work well for Black until my strong novelty 13.a4!.See CBM 59 or inf
69/(163) for my game against Gilberto Hernández}) 9. Bg5 d5 $6 (9... a6 {
Rodriguez,Am} 10. Bxf6 $1 gxf6 11. Nc3 {is much more playable with many
options, just one of them:} d5 12. exd5 Bxd5 {works better than in the current
game, for instance:} 13. Bc4 (13. Nxd5 Qxd5 14. Nc4 Nd4 $6 (14... Qxd1+ $14)
15. c3 Rd8 16. Ne3 Qa5 17. Bc4 b5 18. O-O bxc4 19. cxd4 Rxd4 20. Qf3 $44 {
Trepp,M-Wyttenbach/Bern op 1989}) 13... Bxc4 14. Nxc4 Qxd1+ 15. Rxd1 Bb4 16.
O-O Bxc3 17. bxc3 Ke7 18. Nd6 Rab8 19. Nf5+ Ke6 20. Ng7+ {1/2-1/2
Kengis-Andersson/Haninge 1992}) (9... Be7 10. Bxf6 {Rodriguez,Am} Bxf6 11. Nc4
O-O {is also obscure and playable.}) 10. exd5 Bxd5 11. Bxf6 gxf6 12. Bc4 $1 {
Rodriguez: A strong move I had already discovered many years ago when I
started to investigate this variation.} (12. Nc4 $6 {Rodriguez,Am} Be6 13. Qf3
(13. Ncd6+ Bxd6 14. Qxd6 Qxd6 15. Nxd6+ Ke7 16. O-O-O Rhd8 17. Nb5 Nb4 $17 {
Rodin,M-Milov,L/Komercni Banka op 1996/EXP 55}) 13... Nb4 14. Ne3 Bc5 15. Na3
Nc6 $15 {Trepp-Kaenel/Switzerland ch 1990}) 12... Rc8 (12... Bxg2 13. Rg1 $36)
(12... Bxc4 13. Nxc4 Qxd1+ 14. Rxd1 $16) (12... a6 13. Rg1 $36 (13. Bxd5 {
Rodriguez,Am} axb5 14. Bb3 Nd4 15. O-O Nxb3 16. axb3 Rxa1 17. Qxa1 Be7 18. Qd1
$14 {Leko,P-Portisch,L/ch-HUN1997})) 13. Qg4 $1 {Xc8} (13. Bxd5 {Rodriguez,Am}
Qxd5 14. Qg4 Qe6 $11) 13... Bxc4 {Rodriguez: A losing move} (13... Nb4 14.
O-O-O (14. Bxd5 {Rodriguez,Am} Rxc2 $5 {and even though the position looks
pleasant for White he must now find and active continuation not without risk.
As we will see soon, the game continuation was too easy.} (14... Nxc2+ 15. Ke2
Nxa1 16. Rxa1 Rc5 17. Bc4 $16) 15. Nc3 $6 (15. Ne4 $5 Nxd5 16. Rd1) (15. O-O $5
Qxd5 16. Rac1) 15... Nd3+ $1) (14. O-O h5 15. Qe2 Rg8 16. g3 a6 $13) 14... a6)
(13... h5 14. Qh3 (14. Qf5 $143 $6 Ne7) 14... Nb4 15. Bxd5 Nxc2+ (15... Rxc2
16. Qb3)) 14. Nxc4 {Rodriguez: With simply too many threats.} Nd4 $2 15. Ncd6+
Bxd6 16. Nxd6+ Ke7 (16... Qxd6 17. Qxc8+ Ke7 18. Qxb7+ $18 (18. Qxh8 $6 Nxc2+
19. Ke2 Nd4+ 20. Ke1 $11 (20. Kf1 Qa6+ $19))) 17. Nxc8+ Qxc8 18. Qxc8 Rxc8 19.
Rc1 Rxc2 20. Rxc2 Nxc2+ 21. Kd2 Nd4 22. Rc1 Nc6 23. Rc3 1-0

[Event "Redbus KO"]
[Site "Southend"]
[Date "2002.03.29"]
[Round "1.2"]
[White "McShane, Luke J"]
[Black "Plaskett, H James"]
[Result "1-0"]
[WhiteElo "2525"]
[BlackElo "2474"]
[Annotator "Milov,V"]
[PlyCount "63"]
[EventDate "2002.03.29"]
[EventType "k.o."]
[EventRounds "4"]
[EventCountry "ENG"]
[SourceTitle "CBM 089"]
[Source "ChessBase"]
[SourceDate "2002.08.12"]
[SourceVersion "1"]
[SourceVersionDate "2002.08.12"]
[SourceQuality "1"]

1. e4 c5 2. Nf3 e6 3. d4 cxd4 4. Nxd4 Nc6 5. Nb5 {A solid and reliable plan.
The main idea is to take the centre under control.} (5. Nxc6 bxc6 6. Bd3 Nf6 7.
O-O d5 8. Nd2 Be7 9. Qe2 O-O 10. b3 $14 {0-1 Varavin,V-Maksyutov,E/Ufa 1999/
CBM 70 ext (44)}) (5. Be3 Nf6 6. Bd3 d5 7. Nxc6 (7. exd5 Nxd5 8. Nxc6 bxc6 9.
Bd2 Qb6 $11) 7... bxc6 8. e5 Nd7 9. f4 Ba6 $11 {0-1 Beckmann,K-Hort,V/Germany
1986/EXT 98 (39)}) (5. c4 Nf6 6. Nc3 Bb4 7. Nxc6 bxc6 8. Bd3 d5 9. exd5 exd5
10. O-O O-O $11) 5... d6 6. Bf4 (6. c4) 6... e5 (6... Ne5 7. N1a3 a6 8. Bxe5
dxe5 9. Qxd8+ Kxd8 10. O-O-O+ Ke7 (10... Bd7 11. Nc4 $1) 11. Nd6 b5 12. c4 b4
13. Nc2 a5 14. c5 $16 {1-0 Wahls,M-Teske,H/Germany 1992/GER-chT (44)}) 7. Be3
Be6 8. Nd2 {with the idea Nd2-c4} Nf6 9. Bg5 {A typical plan in such positions.
White exchanges the defender of the weak d5-square.} Be7 10. Bxf6 Bxf6 11. Nc4
O-O 12. Qxd6 (12. Nc3 Nd4 13. Bd3 {Rodriguez,Am} (13. Ne3 Bg5 $132) 13... Bg5
14. O-O Rc8 15. Ne3 Bxe3 16. fxe3 Nc6 17. Qd2 Nb4 18. Be2 d5 $11 {1/2-1/2
Becerra Rivero,J-Comas Fabrego,L/Havana 1999/CBM 71/[Rodriguez,Am] (22)}) (12.
Nbxd6 Qe7 13. Nf5 Bxf5 14. exf5 Rfd8 $132) 12... Qc8 13. c3 Be7 14. Qd1 (14.
Qc7 $6 Bxc4 15. Qxc8 Raxc8 16. Bxc4 a6 17. Na3 Na5 18. Bd5 Bxa3 19. bxa3 Rxc3
20. Kd2 Rxa3 21. Rhc1 b5 22. Rc7 g6 23. Ke2 Nc4 24. Bxc4 bxc4 25. Rxc4 Rb8 $15)
(14. Qd2 Rd8 15. Qe3 Nb4 $5 $36 (15... Nd4 16. cxd4 Bxc4 17. Rc1 Bb4+ 18. Kd1
exd4 19. Nxd4 Bc5 $13 {0-1 McDonald,N-Plaskett,J/Hampstead 1998/EXT 99 (39)}))
14... Rd8 15. Qc1 Nb4 $5 $146 {[%mdl 8] Black sacrifices the second pawn for
the initiative and begins the attack against the white king which has stuck in
the centre.} ({earlier it was played} 15... Bxc4 16. Bxc4 a6 17. Na3 Bxa3 18.
bxa3 Qg4 19. O-O Qxe4 20. Bb3 Rd7 (20... Rac8 21. Re1 Qd3 $15 {1/2-1/2 Delchev,
A-Cramling,P/France 2001/EXT 2002 (67)}) 21. Re1 Qf5 22. Qe3 Rad8 23. h3 g6 $15
{1/2-1/2 Varga,Z-Borges Mateos,J/Elista 1998/CBM 66 ext (57)}) 16. Nxe5 {
White is seriously behind in his development. Therefore it tries to grab more
material, perhaps with the idea to have an opportunity in the future to give
it back in return for his development.} Bg5 $1 17. f4 $8 (17. Qxg5 $143 Nc2+
18. Ke2 Nxa1 $17) 17... Bxf4 18. Qxf4 Nc2+ 19. Kf2 Qc5+ 20. Kg3 (20. Nd4 $6
Rxd4 21. cxd4 Qxd4+ 22. Kg3 Nxa1 $17) 20... Nxa1 21. b4 $1 {Trying to break
interaction of black pieces.} (21. Nd4 $6 Rxd4 22. cxd4 Qxd4 23. Bd3 f6 24. Nf3
Qxd3 25. Rxa1 Re8 $17) 21... Qc8 (21... Qe7 $5) 22. Nf3 Rd7 $6 {A loss of time.
It was necessary to rescue the knight as in the further struggle Black loses
the knight, then the game.} (22... Nc2 23. Nc7 Rb8 24. Be2 {unclear}) 23. Qc1
a5 $6 (23... Qb8+ $5 24. e5 (24. Kf2 a5 25. Qxa1 axb4 26. c4 Qf4) 24... Bd5 25.
Qxa1 Bxf3 26. Kxf3 Qxe5 27. Nd4 Re8 $13) 24. Qxa1 $16 axb4 25. cxb4 Rxa2 26.
Qe5 Rd1 $2 {Probably Black missed the 30th and 32nd white moves.} 27. Nc3 f6
28. Qc5 Qb8+ 29. e5 Rc2 30. Bc4 $1 Rxh1 (30... b6 31. Bxe6+ Kh8 32. Qc6 Rxc3
33. Qxc3 Rxh1 34. Kf2 $18) 31. Bxe6+ Kh8 32. Bc8 $1 {The effective blocking of
the 8th rank.} 1-0

[Event "RUS-ch"]
[Site "Krasnodar"]
[Date "2002.09.04"]
[Round "9"]
[White "Aseev, Konstantin N"]
[Black "Grigoriants, Sergey"]
[Result "1/2-1/2"]
[WhiteElo "2575"]
[BlackElo "2490"]
[Annotator "Milov,V"]
[PlyCount "47"]
[EventDate "2002.08.27"]
[EventType "swiss"]
[EventRounds "9"]
[EventCountry "RUS"]
[SourceTitle "CBM 091"]
[Source "ChessBase"]
[SourceDate "2002.11.12"]
[SourceVersion "1"]
[SourceVersionDate "2002.11.12"]
[SourceQuality "1"]

1. e4 c5 2. Nf3 Nc6 3. d4 cxd4 4. Nxd4 e6 5. Nb5 {A solid and reliable plan.
The main idea is to take the centre under control.} (5. Nxc6 bxc6 6. Bd3 Nf6 7.
O-O d5 8. Nd2 Be7 9. Qe2 O-O 10. b3 $14 {0-1 Varavin,V-Maksutov,E/Ufa 1999/CBM
70 ext (44)}) (5. Be3 Nf6 6. Bd3 d5 7. Nxc6 (7. exd5 Nxd5 8. Nxc6 bxc6 9. Bd2
Qb6 $11) 7... bxc6 8. e5 Nd7 9. f4 Ba6 $11 {0-1 Beckmann,K-Hort,V/Germany 1986/
EXT 98(39)}) (5. c4 Nf6 6. Nc3 Bb4 7. Nxc6 bxc6 8. Bd3 d5 9. exd5 exd5 10. O-O
O-O $11) 5... d6 6. Bf4 (6. c4) 6... e5 (6... Ne5 7. N1a3 a6 8. Bxe5 dxe5 9.
Qxd8+ Kxd8 10. O-O-O+ Ke7 (10... Bd7 11. Nc4 $1) 11. Nd6 b5 12. c4 b4 13. Nc2
a5 14. c5 $16 {1-0 Wahls,M-Teske,H/Germany 1992/GER-cht (44)}) 7. Be3 a6 (7...
Be6 8. Nd2 {/\ Nd2-c4} Nf6 9. Bg5 Be7 10. Bxf6 Bxf6 11. Nc4 O-O 12. Qxd6 (12.
Nc3 Nd4 13. Bd3 {Rodriguez,Am} (13. Ne3 Bg5 $132) 13... Bg5 14. O-O Rc8 15. Ne3
Bxe3 16. fxe3 Nc6 17. Qd2 Nb4 18. Be2 d5 $11 {Becerra Rivero,J-Comas Fabrego,L/
Havana 1999/CBM 71/[Rodriguez,Am]}) (12. Nbxd6 Qe7 13. Nf5 Bxf5 14. exf5 Rfd8
$132) 12... Qc8 13. c3 Be7 14. Qd1 (14. Qc7 $6 Bxc4 15. Qxc8 Raxc8 16. Bxc4 a6
17. Na3 Na5 18. Bd5 Bxa3 19. bxa3 Rxc3 20. Kd2 Rxa3 21. Rhc1 b5 22. Rc7 g6 23.
Ke2 Nc4 24. Bxc4 bxc4 25. Rxc4 Rb8 $15) (14. Qd2 Rd8 15. Qe3 Nb4 $5 (15... Nd4
16. cxd4 Bxc4 17. Rc1 Bb4+ 18. Kd1 exd4 19. Nxd4 Bc5 {0-1 McDonald,N-Plaskett,
J/Hampstead 1998/EXT 99(39)})) 14... Rd8 15. Qc1 Nb4 $5 $132 {McShane,
L-Plaskett,J Redbus KO Southend, 2002}) (7... Nf6 8. Bg5 Be6 9. Nd2 (9. Bxf6
gxf6 10. Nd2 Rc8 11. Nc4 d5 12. exd5 Bxd5 13. c3 Bxc4 14. Bxc4 Qxd1+ 15. Rxd1
a6 {Fontane-Ribli, 10th Hotel Opatija GM, Kastav CRO 2002, 1/2.}) 9... Be7 10.
Bxf6 Bxf6 11. Nc4 O-O 12. Qxd6 Qc8 13. c3 ({interesting} 13. Qc7 Bxc4 14. Bxc4
Nd4 15. Bd3 Nxb5 16. Qxc8 Raxc8 17. Bxb5 Rxc2 18. b3 Rd8) 13... Be7 14. Qd1 Rd8
15. Qc1 Nb4 $5 $146 {Black sacrifices the second pawn for the initiative and
begins the attack against the white king which has stuck in the centre.} (15...
Bxc4 16. Bxc4 a6 17. Na3 Bxa3 18. bxa3 Qg4 19. O-O Qxe4 20. Bb3 Rd7 (20... Rac8
21. Re1 Qd3 $15 {1/2-1/2 Delchev,A-Cramling,P/France 2001/EXT 2002 (67)}) 21.
Re1 Qf5 22. Qe3 Rad8 23. h3 g6 $15 {1/2-1/2 Varga,Z-Borges Mateos,J/Elista
1998/CBM 66 ext (57)}) 16. Nxe5 {White is seriously behind in his development.
Therefore it tries to grab more material, perhaps with the idea to have an
opportunity in the future to give it back in return for his development.} Bg5
$1 17. f4 $8 (17. Qxg5 Nc2+ 18. Ke2 Nxa1 $17) 17... Bxf4 18. Qxf4 Nc2+ 19. Kf2
Qc5+ 20. Kg3 (20. Nd4 $6 Rxd4 21. cxd4 Qxd4+ 22. Kg3 Nxa1 $17) 20... Nxa1 21.
b4 $1 {Trying to break onteraction of black pieces.} (21. Nd4 $6 Rxd4 22. cxd4
Qxd4 23. Bd3 f6 24. Nf3 Qxd3 25. Rxa1 Re8 $17) 21... Qc8 (21... Qe7 $5) 22. Nf3
Rd7 $6 {A loss of time. It was necessary to rescue the knight as in the
further struggle Black loses the knight, then the game.} (22... Nc2 23. Nc7 Rb8
24. Be2 {unclear}) 23. Qc1 Qb8+ $5 (23... a5 $6 24. Qxa1 $16 {1-0 McShane,
L-Plaskett,J/Southend 2002/CB 14/[Milov,V] (32)}) 24. e5 (24. Kf2 a5 25. Qxa1
axb4 26. c4 Qf4) 24... Bd5 25. Qxa1 Bxf3 26. Kxf3 Qxe5 27. Nd4 Re8 $13) 8. N5c3
Nf6 9. Nd2 {/\ Na3-c4-b6.} ({The other continuation is} 9. Bg5 {A typical
exchange. The bishop is being exchanged against the knight which is
controlling the d5-square.}) 9... Bg4 (9... d5 $5 10. Nxd5 Nxd5 11. exd5 Qxd5
12. Nc4 Qxd1+ 13. Rxd1 Be6 $11 {McShane,L-Emms,J 4NCL, Birmingham, 1999.}) 10.
f3 Be6 11. Nc4 Be7 (11... d5 $5 12. exd5 Nxd5 13. Nxd5 Qxd5 14. Qxd5 Bxd5 15.
Nb6 Rd8 16. Nxd5 Rxd5 $14) 12. Nb6 (12. Nd5 Bxd5 13. exd5 Na7 14. a4 Nc8 15.
Be2 Qd7 $1 16. O-O Bd8 $11) 12... Rb8 13. Ncd5 Bxd5 ({Another possibility is} 
13... O-O 14. Bc4 Nd7 15. Nxd7 Qxd7 16. O-O Bd8 17. Qd2 b5 18. Bb3 Ne7 $14) 14.
exd5 (14. Nxd5 Nxd5 15. exd5 Qa5+ 16. c3 Nd8 17. Be2 Rc8 18. O-O $14) 14... Na7
15. a4 {trying to develop the initiative on the queenside. 15.c4!? deserved
attention.} (15. c4 $5 O-O 16. Qb3 Nc8 17. Bd3 Nxb6 18. Bxb6 Qd7 19. O-O $14)
15... Nc8 16. a5 (16. Nc4 Qd7 $5 17. Be2 Bd8 $1 18. Bg5 O-O $11) 16... Nxb6 17.
Bxb6 Qd7 $11 18. Be2 Nh5 19. O-O Nf4 20. g3 Nxe2+ 21. Qxe2 O-O 22. c4 f5 23. b4
Rbc8 24. Ra3 ({After} 24. Ra3 Rfe8 25. Re1 Bd8 26. Bxd8 Rexd8 $11) 1/2-1/2